| 000 | 00450nam a2200169Ia 4500 | ||
|---|---|---|---|
| 005 | 20250409114139.0 | ||
| 008 | 231217s9999 xx 000 0 und d | ||
| 020 | _a9788131200803 | ||
| 082 | _a530.15 ARF;1 R | ||
| 100 | _aArfken, George B. Weber, Hans J. | ||
| 245 | 0 | _aMathematical methods for physicists | |
| 250 | _a6th ed. | ||
| 260 |
_c2005 _bElsevier _aNoida |
||
| 300 | _axii, 1182 | ||
| 650 | _aMathematical,physicists | ||
| 942 | _cAA | ||
| 999 |
_c195196 _d195196 |
||